Normal view
MARC view
Entry Personal Name
001 - CONTROL NUMBER
- control field: 5138
003 - CONTROL NUMBER IDENTIFIER
- control field: OSt
005 - DATE AND TIME OF LATEST TRANSACTION
- control field: 20190507143300.0
008 - FIXED-LENGTH DATA ELEMENTS
- fixed length control field: 190507|| aca||aabn | a|a d
040 ## - CATALOGING SOURCE
- Original cataloging agency: OSt
- Transcribing agency: OSt
100 ## - HEADING--PERSONAL NAME
- Personal name: Ammons, David N.
670 ## - SOURCE DATA FOUND
- Source citation: Work cat.: (OSt): Ammons, David N., Citizen-assisted performance measurement?: reassessing its viability and impact, 2018
